যদি চিনি যদি জানিবারে পাই : ডিরোজিও সম্পর্কিত প্রবন্ধ সংকলন / (Record no. 31567)

MARC details
000 -LEADER
fixed length control field 00907nam a22002057a 4500
003 - CONTROL NUMBER IDENTIFIER
control field BDDh-ASL
005 - DATE AND TIME OF LATEST TRANSACTION
control field 20231016062621.0
008 - FIXED-LENGTH DATA ELEMENTS--GENERAL INFORMATION
fixed length control field 230401s2009 b ||||| |||| 00| 0 b d
040 ## - CATALOGING SOURCE
Original cataloging agency BDDh-ASL
Transcribing agency BDDh-ASL
041 ## - LANGUAGE CODE
Language code of text/sound track or separate title ben
082 ## - DEWEY DECIMAL CLASSIFICATION NUMBER
Classification number 920.8094
Item number MUJ
100 1# - MAIN ENTRY--PERSONAL NAME
Personal name মুখোপাধ্যায়, শক্তিসাধন
9 (RLIN) 7803
245 10 - TITLE STATEMENT
Title যদি চিনি যদি জানিবারে পাই : ডিরোজিও সম্পর্কিত প্রবন্ধ সংকলন /
246 ## - VARYING FORM OF TITLE
Title proper/short title Jadi Chini Jadi Janibare Pai by Sakti Sadhan Mukhopadhyay.
260 ## - PUBLICATION, DISTRIBUTION, ETC.
Place of publication, distribution, etc. কলকাতা :
Name of publisher, distributor, etc. গ্রন্থমিত্র,
Date of publication, distribution, etc. 2009.
300 ## - PHYSICAL DESCRIPTION
Extent 374 p. :
Dimensions 22 cm.
650 #0 - SUBJECT ADDED ENTRY--TOPICAL TERM
Topical term or geographic name entry element biographical dictionary - চরিতাভিধান
9 (RLIN) 4665
700 1# - ADDED ENTRY--PERSONAL NAME
Personal name মুখোপাধ্যায়, ব্রতীন্দ্রনাথ
9 (RLIN) 7804
942 ## - ADDED ENTRY ELEMENTS (KOHA)
Source of classification or shelving scheme Dewey Decimal Classification
Koha item type Books
Holdings
Withdrawn status Lost status Source of classification or shelving scheme Damaged status Not for loan Collection code Home library Current library Shelving location Date acquired Source of acquisition Total Checkouts Full call number Barcode Date last seen Copy number Price effective from Koha item type Public note
    Dewey Decimal Classification     Non-fiction Asiatic Society Library Asiatic Society Library General Stacks 04/01/2023 Complimentary   920.8094 MUJ 120259 04/01/2023 C-1 04/01/2023 Books Y-2009

Powered by Koha